000 00333nam a2200157Ia 4500
100 _aKreyszig/Erwin
650 _aMathematics
250 _a9
942 _cBK
366 _f25
245 _aAdvanced Engineering Mathematics
260 _bWiley India
_c2006
082 _a510
_bKRE
546 _aENGLISH
_cproduction
999 _c34460
_d34460